|
|
|
|
| LEADER |
00000nab a2200000 a 4500 |
| 001 |
vtls000707006 |
| 003 |
SK-MaSNL |
| 005 |
20260304120216.0 |
| 008 |
250429c1999 xo 0 slo |
| 015 |
|
|
|a SNBRB1999/10-26462
|
| 035 |
|
|
|a CLN000059173
|
| 035 |
|
|
|a urn:nbn:sk:snk-ab6izi
|
| 035 |
|
|
|a (uuid)d0befed3-d665-4828-adae-dcfa1f333d16
|
| 035 |
|
|
|a (urnnbn)urn:nbn:sk:snk:ar-004ezi
|
| 040 |
|
|
|a SNKBUCL
|b slo
|c SNKBUCL
|e AACR2
|
| 041 |
0 |
|
|a slo
|
| 044 |
|
|
|a xo
|c SK
|
| 080 |
|
|
|a 026:62(437.6)
|2 1997
|
| 080 |
|
|
|a 002.66(437.6)
|2 1997
|
| 100 |
1 |
|
|a Segešová, Ľubica
|4 aut
|9 7524
|
| 245 |
1 |
0 |
|a Sieť technických knižníc a informačných stredísk v Slovenskej republike
|c Ľubica Segešová
|
| 300 |
|
|
|b Tab.
|
| 504 |
|
|
|a Bibliogr. odkazy
|
| 650 |
0 |
7 |
|a knižnice technické
|z Slovensko
|2 snkbucl
|9 1423794
|
| 650 |
0 |
7 |
|a strediská informačné
|z Slovensko
|2 snkbucl
|9 1423795
|
| 655 |
|
7 |
|a články z novín a časopisov
|2 snkbucl
|9 267496
|
| 773 |
0 |
|
|t Knižnice a informácie
|g Roč. 31, č. 11 (1999), s. 407-417
|x 1210-096X
|
| 850 |
|
|
|a Slovenská národná knižnica
|
| 852 |
|
|
|a Slovenská národná knižnica
|
| 954 |
|
|
|a odborná, vedecká literatúra pôvodná (slovenská)
|2 lita
|
| 958 |
|
|
|a article2022
|
| 958 |
|
|
|a KL
|
| 958 |
|
|
|a SK
|
| 958 |
|
|
|a NB
|
| 958 |
|
|
|a OND
|
| 958 |
|
|
|a EUIPO
|
| 992 |
|
|
|a RBX
|
| 999 |
|
|
|c 2879021
|d 2880951
|